Stredná Európa pod mikroskopom dôležité "prvé" údaje z Eurostatu, štatistického úradu EÚ

Historická, prvá ročenka Eurostatu, venovaná krajinám strednej Európy. Niektoré údaje za rok 1997: populácia, ekonomické pády a vzostupy, rozdelenie poľnohospodárskej pôdy, životný štýl obyvateľstva. Význam štatistickej ročenky krajín strednej Európy.

Salvato in:
Dettagli Bibliografici
Autore principale: Papaj, Karol
Natura: Capitolo di libro
Lingua:slovacco
Soggetti:
Tags: Aggiungi Tag
Nessun Tag, puoi essere il primo ad aggiungerne!!

MARC

LEADER 00000naa a2200000 4500
001 r035011
005 20230824101247.7
041 0 |a slo 
044 |a SK 
245 1 0 |a Stredná Európa pod mikroskopom  |b dôležité "prvé" údaje z Eurostatu, štatistického úradu EÚ  |c Karol Papaj 
520 |a Historická, prvá ročenka Eurostatu, venovaná krajinám strednej Európy. Niektoré údaje za rok 1997: populácia, ekonomické pády a vzostupy, rozdelenie poľnohospodárskej pôdy, životný štýl obyvateľstva. Význam štatistickej ročenky krajín strednej Európy. 
610 2 0 |a štatistika medzinárodná 
610 2 0 |a údaje štatistické medzinárodné 
610 2 0 |a Eurostat 
610 2 0 |a SVE 
610 2 0 |a stredná Európa 
610 2 0 |a populácia 
610 2 0 |a makroekonomika 
610 2 0 |a rast hospodársky 
610 2 0 |a pôda poľnohospodárska 
610 2 0 |a štýl životný 
610 2 0 |a Európska únia 
100 1 |a Papaj, Karol